|
|
|
|
| LEADER |
00798nam a22002532a 4500 |
| 001 |
000868570 |
| 003 |
CZ BrMZK |
| 005 |
20071002104326.0 |
| 007 |
ta |
| 008 |
071002s1986 xr a er|||||||||||cze d |
| 015 |
|
|
|a cnb001062920
|
| 035 |
|
|
|a (OCoLC)85560067
|
| 040 |
|
|
|a ABA001
|b cze
|c ABA001
|d ABA001
|
| 080 |
9 |
|
|a 623.438.3
|
| 100 |
1 |
|
|a Richter, Miroslav
|7 jk01102484
|4 aut
|
| 245 |
1 |
0 |
|a Příručka řidiče tanku T-55 a T-55A /
|c zprac. Miroslav Richter
|
| 250 |
|
|
|a 2. dopln. vyd.
|
| 260 |
|
|
|a Praha :
|b Naše vojsko,
|c 1986
|
| 300 |
|
|
|a 129 s. ;
|c 8°
|
| 500 |
|
|
|a Vyd. Min. národní obrany, Tanková a automobilní správa
|
| 910 |
|
|
|a BOA001
|b 1-0904.947
|
| 990 |
|
|
|a BK
|
| 991 |
|
|
|b 200710
|
| 996 |
6 |
|
|b 2619598406
|c 1-0904.947
|l MZK
|r Sklad / do 1 hodiny
|n 2
|w 000868570
|u 000010
|a 1
|e BOA001
|j MZK50
|s P
|